OneRepublic - I Ain't Worried Lyrics - Statistics

General Stats
  • This quiz has been taken 152 times
    142 since last reset
  • The average score is 31 of 48
Answer Stats
Hint Missing Lyrics % Correct
But time is running ___ out
95%
I __'_ worried 'bout it right now (right now) aint
92%
___ I ain't worried 'bout it right now (right now) But
90%
I don't know what you've been ___ told
90%
_____ dreams alive (hey!) Keeping
88%
No need to take it ___ slow
88%
I ain't _____ 'bout it worried
88%
___, heroes 1999
86%
I ain't worried '___ it bout
86%
I don't know ___ you've been told what
81%
But time is _____ out, running
79%
I'm stepping to ___ toe-to-toe you
79%
I __'_ worried 'bout it aint
78%
___, heroes 1999
77%
I ain't _____ 'bout it worried
76%
_____' in the floods (hey!) Swimmin
74%
_____ on the clouds below Dancing
72%
But I ain't worried 'bout it ___ now (right now) right
71%
I __'_ worried aint
70%
I should be scared, ___ honey
69%
So spend it like it's ___ gold
68%
I ain't worried 'bout it right ___ (right now) now
68%
Keeping dreams ___ (hey!) alive
65%
Dancing on the ___ below clouds
63%
I'm living like I'm ___-zeros nine
62%
I __'_ worried 'bout it (ooh-aah, aah-ooh) aint
60%
I'll take it in ___ let it go and
60%
Swimmin' in the ___ (hey!) floods
60%
Got no _____ regrets
59%
I ain't worried '___ it right now (right now) bout
58%
Way too busy for them problems and problems to ___ (yeah-yeah) feel
58%
I'm at my best when I got something I'm wanting to ___ steal
58%
No stressing, just obsessin' with sealin' the ___ deal
57%
____ so maybe
56%
even when I'm ___, yeah broke
54%
I ain't worried 'bout it ___ now (right now) right
54%
I ain't _____ 'bout it (ooh-ahh, aah-ooh) worried
54%
I ain't _____ 'bout it worried
53%
Keeping ___ alive (hey!) dreams
51%
___! Hey
49%
___! Hey
46%
Swimmin' in ___ floods (hey!) the
43%
Dancing on ___ clouds below the
40%
Oh, ___-___ no
39%
1999, ___ heros
38%
___! Hey
34%
___! Hey
34%
Ooh-ooh, ___-___, ooh-ooh oh
26%
No matching quizzes found
Score Distribution
Percent of People with Each Score
Percentile by Number Answered
Your Score History
You have not taken this quiz since the last reset